<?xml version="1.0" encoding="UTF-8"?>
<record
    xmlns:xsi="http://www.w3.org/2001/XMLSchema-instance"
    xsi:schemaLocation="http://www.loc.gov/MARC21/slim http://www.loc.gov/standards/marcxml/schema/MARC21slim.xsd"
    xmlns="http://www.loc.gov/MARC21/slim">

  <leader>01396    a2200217   4500</leader>
  <controlfield tag="001">54580</controlfield>
  <controlfield tag="005">20260407155819.0</controlfield>
  <controlfield tag="008">260407a1966    arg                 spa d</controlfield>
  <controlfield tag="003">AR-UNSa-BCEJYS</controlfield>
  <datafield tag="040" ind1=" " ind2=" ">
    <subfield code="a">AR-UNSa-BCEJYS</subfield>
    <subfield code="b">spa</subfield>
    <subfield code="c">AR-UNSa-BCEJYS</subfield>
  </datafield>
  <datafield tag="080" ind1=" " ind2=" ">
    <subfield code="a">323.27</subfield>
    <subfield code="x">Revoluci&#xF3;n. Cambio violento de gobierno. Golpe de estado  </subfield>
  </datafield>
  <datafield tag="245" ind1="1" ind2="0">
    <subfield code="a">Teor&#xED;a sobre la revoluci&#xF3;n</subfield>
  </datafield>
  <datafield tag="250" ind1=" " ind2=" ">
    <subfield code="a">3a. ed.</subfield>
  </datafield>
  <datafield tag="264" ind1=" " ind2="1">
    <subfield code="a">Buenos Aires :</subfield>
    <subfield code="b">Taurus</subfield>
    <subfield code="c">1966</subfield>
  </datafield>
  <datafield tag="300" ind1=" " ind2=" ">
    <subfield code="a">189 p.</subfield>
    <subfield code="c">18 cm.</subfield>
  </datafield>
  <datafield tag="505" ind1=" " ind2=" ">
    <subfield code="a">Primera Parte: LOS PRINCIPIOS REVOLUCIONARIOS: 1. El orden universal y las necesidades humanas &#x2013; 2. Nacimiento de las obligaciones &#x2013; 3. Los derechos ante la teor&#xED;a de la necesidad &#x2013; 4. Las necesidades fundamentales &#x2013; 5. El objeto de la necesidad &#x2013; 6. El trabajo, primera obligaci&#xF3;n del hombre &#x2013; 7. En torno a la personalidad &#x2013; 8. La propiedad de las cosas - - Segunda Parte: REALIDAD SOCIAL Y REVOLUCION: 1. Concepci&#xF3;n cristiana del Universo y teor&#xED;a de la necesidad &#x2013; 2. El marxismo y las necesidades de una clase &#x2013; 3. Derechas, propiedad y hambre  4. Realidad social y revoluci&#xF3;n - - Tercera Parte: LA REOVUCION DE LOS HAMBRIENTOS: 1. El sujeto activo de la revoluci&#xF3;n &#x2013; 2. La violencia, la fuerza y la revoluci&#xF3;n &#x2013; 3. Los objetivos para una revoluci&#xF3;n.</subfield>
  </datafield>
  <datafield tag="041" ind1=" " ind2=" ">
    <subfield code="a">spa</subfield>
  </datafield>
  <datafield tag="942" ind1=" " ind2=" ">
    <subfield code="c">BK</subfield>
  </datafield>
  <datafield tag="590" ind1=" " ind2=" ">
    <subfield code="a">niveau_biblio:m niveau_hierar:0</subfield>
  </datafield>
  <datafield tag="100" ind1="1" ind2=" ">
    <subfield code="a">Fern&#xE1;ndez de Castro, Ignacio</subfield>
  </datafield>
  <datafield tag="999" ind1=" " ind2=" ">
    <subfield code="c">5655</subfield>
    <subfield code="d">5655</subfield>
  </datafield>
  <datafield tag="952" ind1=" " ind2=" ">
    <subfield code="0">0</subfield>
    <subfield code="1">0</subfield>
    <subfield code="4">0</subfield>
    <subfield code="7">0</subfield>
    <subfield code="a">BCEJYS</subfield>
    <subfield code="b">BCEJYS</subfield>
    <subfield code="c">16</subfield>
    <subfield code="d">2026-04-07</subfield>
    <subfield code="l">0</subfield>
    <subfield code="o">323.27 F362 3ed.</subfield>
    <subfield code="p">L45550</subfield>
    <subfield code="r">2026-04-07 15:58:19</subfield>
    <subfield code="w">2026-04-07</subfield>
    <subfield code="y">L</subfield>
  </datafield>
</record>
